Chinese Criminal Entrepreneurs in Canada, Volume I

This book explores the historical origins, activities, and structure of the archetypal 'new' Asian criminal entrepreneurs in Canada, known as The Big Circle Boys (BCB). It traces their illegal immigration abroad from Guangzhou, the extent to which they are organised and violent, and what t...

Πλήρης περιγραφή

Λεπτομέρειες βιβλιογραφικής εγγραφής
Κύριος συγγραφέας: Chung, Alex (Συγγραφέας, http://id.loc.gov/vocabulary/relators/aut)
Συγγραφή απο Οργανισμό/Αρχή: SpringerLink (Online service)
Μορφή: Ηλεκτρονική πηγή Ηλ. βιβλίο
Γλώσσα:English
Έκδοση: Cham : Springer International Publishing : Imprint: Palgrave Macmillan, 2019.
Έκδοση:1st ed. 2019.
Σειρά:Transnational Crime, Crime Control and Security
Θέματα:
Διαθέσιμο Online:Full Text via HEAL-Link
LEADER 03760nam a2200589 4500
001 978-3-030-05132-7
003 DE-He213
005 20191027161248.0
007 cr nn 008mamaa
008 190309s2019 gw | s |||| 0|eng d
020 |a 9783030051327  |9 978-3-030-05132-7 
024 7 |a 10.1007/978-3-030-05132-7  |2 doi 
040 |d GrThAP 
050 4 |a HV6437-6453 
072 7 |a JKVM  |2 bicssc 
072 7 |a SOC004000  |2 bisacsh 
072 7 |a JKVM  |2 thema 
082 0 4 |a 364.106  |2 23 
100 1 |a Chung, Alex.  |e author.  |4 aut  |4 http://id.loc.gov/vocabulary/relators/aut 
245 1 0 |a Chinese Criminal Entrepreneurs in Canada, Volume I  |h [electronic resource] /  |c by Alex Chung. 
250 |a 1st ed. 2019. 
264 1 |a Cham :  |b Springer International Publishing :  |b Imprint: Palgrave Macmillan,  |c 2019. 
300 |a XV, 340 p. 4 illus., 3 illus. in color.  |b online resource. 
336 |a text  |b txt  |2 rdacontent 
337 |a computer  |b c  |2 rdamedia 
338 |a online resource  |b cr  |2 rdacarrier 
347 |a text file  |b PDF  |2 rda 
490 1 |a Transnational Crime, Crime Control and Security 
505 0 |a 1. Introduction -- 2. Theoretical Perspectives on Organised Crime -- 3. BCB Origins -- 4. BCB Organisation -- 5. BCB Activities 1: Non-Drug-Related -- 6. BCB Activities 2: Drugs Trafficking -- 7. BCB Structure -- 8. BCB Violence -- 9. BCB Community -- 10. Conclusion. . 
520 |a This book explores the historical origins, activities, and structure of the archetypal 'new' Asian criminal entrepreneurs in Canada, known as The Big Circle Boys (BCB). It traces their illegal immigration abroad from Guangzhou, the extent to which they are organised and violent, and what the future holds for them in Canada. The BCB's organisational features are examined against theories and legislation of organised crime to understand how they compare to other criminal entities. For the first time, a unique glimpse is provided into the workings of an elusive cellular network comprised of BCB dai lo (bosses). Through interviews and official documents, their criminal undertakings and structural dimensions are pieced together to show how their interdependent and collaborative cells enabled them to form a dynamic criminal community. This book speaks to those interested in how a collective of ethnic-Chinese career criminals have replaced traditional criminal organisations in transnational criminal markets, particularly for scholars and students of social sciences disciplines. 
650 0 |a Organized crime. 
650 0 |a Transnational crime. 
650 0 |a Public safety. 
650 0 |a Critical criminology. 
650 0 |a Criminology. 
650 0 |a Law-Asia. 
650 0 |a Violence. 
650 0 |a Crime. 
650 1 4 |a Organized Crime.  |0 http://scigraph.springernature.com/things/product-market-codes/1B8000 
650 2 4 |a Trafficking.  |0 http://scigraph.springernature.com/things/product-market-codes/1B4030 
650 2 4 |a Crime Control and Security.  |0 http://scigraph.springernature.com/things/product-market-codes/1BE000 
650 2 4 |a Ethnicity, Class, Gender and Crime.  |0 http://scigraph.springernature.com/things/product-market-codes/1B1030 
650 2 4 |a Asian Criminology.  |0 http://scigraph.springernature.com/things/product-market-codes/1BC000 
650 2 4 |a Violence and Crime.  |0 http://scigraph.springernature.com/things/product-market-codes/1BG010 
710 2 |a SpringerLink (Online service) 
773 0 |t Springer eBooks 
776 0 8 |i Printed edition:  |z 9783030051310 
776 0 8 |i Printed edition:  |z 9783030051334 
830 0 |a Transnational Crime, Crime Control and Security 
856 4 0 |u https://doi.org/10.1007/978-3-030-05132-7  |z Full Text via HEAL-Link 
912 |a ZDB-2-LCR 
950 |a Law and Criminology (Springer-41177)